000 00782nam a2200241 a 4500
001 000010187
003 DO-SdBNP
005 20250204073951.0
007 ta
008 091005s1996 dr 000 p spa d
040 _aDO-SdBNP
_bspa
_cBNPHU
082 4 _aRD861.44
_bG549d
_222
100 1 _aGlass Mejía, Manuel,
_d1923-1994.
_925193
245 1 0 _aDel amor y otros poemas /
_cManuel Glass Mejía ; notas preliminares Mariano Lebrón Saviñón.
260 _aSanto Domingo :
_bEl Pez Rojo,
_c1996.
300 _axv, 84 p. ;
_c23 cm.
590 _aInventariado, 2018/LP
650 4 _aPoesía dominicana
_966
650 0 _aLiteratura dominicana.
_967
700 1 _aLebrón Saviñon, Mariano
_d1922-2014
_97227
910 _aValidado. Control de calidad. MMOLINA
942 _2ddc
_cLBS1
999 _c9946
_d9946